Statistiques concernant Les premières générations de X-Mens (Marvel)

Cliquez ici pour prendre le quiz!

Statistiques générales

  • Ce quiz a été pris 97 fois
  • Le résultat moyen est 7 sur 12

Statistiques - réponses

Réponse% Correct
Cyclope
93%
Wolverine
89%
Tornade
81%
Jean Grey
80%
Le Fauve
75%
Iceberg
73%
Diablo
60%
Colossus
59%
Angel
56%
Le Hurleur
33%
Thunderbird
13%
Sunfire
10%

Distribution des résultats

Percentile par nombre de réponses

% des personnes avec chaque résultat

Votre développement - résultats

Vous n’avez pas pris ce quiz